| 000 | 00644nam a2200229Ia 4500 | ||
|---|---|---|---|
| 003 | OSt | ||
| 005 | 20220928102054.0 | ||
| 006 | a|||||r|||| 00| 0 | ||
| 007 | ta | ||
| 008 | 220927b |||||||| |||| 00| 0 eng d | ||
| 024 | _a121549 | ||
| 037 | _cTextual | ||
| 040 |
_aSDCL _cSDCL _beng |
||
| 041 |
_2eng _aeng |
||
| 082 | _aNA2,C8(Q:458), B1 | ||
| 100 |
_aBurgess Jas _9396412 |
||
| 245 | 0 | _aReport on the Buddhist cave temple and their inscriptions | |
| 260 |
_aVaranasi _bBhartiya Publishing House _c1881 |
||
| 300 |
_a140p _ccm. |
||
| 942 |
_hNA2,C8(Q:458), B1 _cTEXL _2CC |
||
| 999 |
_c712140 _d712140 |
||